Magnetické nedeštruktívne testovanie metódou analýzy Barkhausenovho šumu : V.odb. 26-02-9 : Obh. 26.09.2007

Saved in:
Bibliographic Details
Main Author: Paľa, Jozef, 1976- (Author)
Other Authors: Bydžovský, Ján, 1944- (Thesis advisor)
Format: Manuscript Book
Language:Slovak
Published: Bratislava : STU v Bratislave FEI, 2007
Subjects:
Tags: Add Tag
No Tags, Be the first to tag this record!

MARC

LEADER 00000ntm a22000003a 4500
001 stu147749
005 20230412161738.9
008 071026s2007------------------------slo-d
040 |a STU  |b slo 
041 0 |a slo 
100 1 |a Paľa, Jozef,  |d 1976-  |4 aut  |u E040  |U FEI Fakulta elektrotechniky a informatiky  |T FEI Ústav elektrotechniky  |X 2196  |U E040  |Y 550  |7 A000002196 
245 1 |a Magnetické nedeštruktívne testovanie metódou analýzy Barkhausenovho šumu :  |b V.odb. 26-02-9 : Obh. 26.09.2007 
260 |a Bratislava :  |b STU v Bratislave FEI,  |c 2007 
300 |a 99 s 
650 7 |a Teoretická elektrotechnika  |2 stusub 
650 7 |a Barkhausenov šum  |2 stusub 
650 7 |a meranie  |2 stusub 
650 7 |a magnetické pole  |2 stusub 
650 7 |a nedeštruktívne skúšanie materiálov  |2 stusub 
700 1 |a Bydžovský, Ján,  |d 1944-  |4 ths  |u E040  |U FEI Fakulta elektrotechniky a informatiky  |T FEI Ústav elektrotechniky  |X 2094  |U E040  |Y 550  |7 A000002094 
996 |b 284ED01162  |c E*ZP-26  |l EE01  |s A  |a 24  |w stu147749_0001